000 00416nam a2200157Ia 4500
008 240729s9999 xx 000 0 und d
022 _a1754-8411
245 0 _aDisease Models & Mechanisms
260 _aUnited Kingdom
260 _bThe Company of Biologists
650 _a Pathology
650 _aMedicine
856 _uhttps://doaj.org/toc/d5757ff2a5624876ae2f055d9cd578f8
942 _2ddc
942 _cDOAJEJ
999 _c65860
_d65860
945 _a1
_bMadushi Gamage
_c1
_dMadushi Gamage